[Event "World Chess Olympiad 2018"]
[Site "Batumi"]
[Date "2018.09.28"]
[Round "5"]
[Board "3"]
[WhiteFideId "7101589"]
[White "Setyaki Azarya Jodi"]
[BlackFideId "1506536"]
[Black "Notkevich Benjamin Arvola"]
[Result "0-1"]
[LiveChessVersion "1.4.8"]
[BlackElo "2493"]
[WhiteElo "2316"]

1. e4 {[%clk 1:30:58]} c6 {[%clk 1:30:57]} 2. d4 {[%clk 1:31:18]} d5
{[%clk 1:31:22]} 3. Nc3 {[%clk 1:31:36]} dxe4 {[%clk 1:31:48]} 4. Nxe4
{[%clk 1:32:02]} Nf6 {[%clk 1:32:13]} 5. Nxf6+ {[%clk 1:32:03]} exf6
{[%clk 1:32:37]} 6. c3 {[%clk 1:32:17]} Bd6 {[%clk 1:33:02]} 7. Bd3
{[%clk 1:32:41]} O-O {[%clk 1:33:25]} 8. Qc2 {[%clk 1:33:05]} Re8+
{[%clk 1:33:51]} 9. Ne2 {[%clk 1:33:26]} h5 {[%clk 1:34:13]} 10. Be3
{[%clk 1:24:07]} Nd7 {[%clk 1:34:33]} 11. Ng3 {[%clk 1:20:14]} Nf8
{[%clk 1:11:51]} 12. Nxh5 {[%clk 1:06:37]} g6 {[%clk 1:06:54]} 13. Ng3
{[%clk 1:05:02]} f5 {[%clk 1:07:19]} 14. Nxf5 {[%clk 0:29:49]} gxf5
{[%clk 0:53:13]} 15. Bxf5 {[%clk 0:26:44]} Bf4 {[%clk 0:48:13]} 16. O-O
{[%clk 0:23:20]} Qg5 {[%clk 0:45:17]} 17. Bxc8 {[%clk 0:22:06]} Raxc8
{[%clk 0:45:20]} 18. Bxf4 {[%clk 0:19:53]} Qxf4 {[%clk 0:45:44]} 19. Rae1
{[%clk 0:19:51]} Ng6 {[%clk 0:41:04]} 20. g3 {[%clk 0:15:04]} Qf3
{[%clk 0:40:03]} 21. Qc1 {[%clk 0:13:12]} Kg7 {[%clk 0:37:09]} 22. Rxe8
{[%clk 0:05:03]} Rxe8 {[%clk 0:37:34]} 23. Re1 {[%clk 0:05:30]} Rh8
{[%clk 0:33:11]} 24. Qe3 {[%clk 0:03:29]} Qh5 {[%clk 0:21:56]} 25. h4
{[%clk 0:03:55]} Qg4 {[%clk 0:22:06]} 26. Kf1 {[%clk 0:04:21]} Rh5
{[%clk 0:16:23]} 27. Qe4 {[%clk 0:03:57]} Qh3+ {[%clk 0:16:31]} 28. Qg2
{[%clk 0:03:52]} Qd7 {[%clk 0:16:41]} 29. Qf3 {[%clk 0:03:52]} Rf5
{[%clk 0:16:53]} 30. Qe4 {[%clk 0:04:11]} c5 {[%clk 0:15:05]} 31. dxc5
{[%clk 0:03:35]} Qb5+ {[%clk 0:15:17]} 32. Kg2 {[%clk 0:03:06]} Qxc5
{[%clk 0:12:21]} 33. Qe3 {[%clk 0:03:16]} Qc6+ {[%clk 0:12:09]} 34. Qe4
{[%clk 0:02:46]} Qf6 {[%clk 0:12:33]} 35. f4 {[%clk 0:02:10]} Rb5
{[%clk 0:08:07]} 36. Re2 {[%clk 0:02:21]} Nf8 {[%clk 0:08:14]} 37. a4
{[%clk 0:01:54]} Rb6 {[%clk 0:08:32]} 38. f5 {[%clk 0:02:18]} Nd7
{[%clk 0:07:55]} 39. Qg4+ {[%clk 0:02:39]} Kf8 {[%clk 0:08:11]} 40. Kh3
{[%clk 0:31:21]} Qc6 {[%clk 0:34:06]} 41. Kh2 {[%clk 0:28:36]} Nf6
{[%clk 0:25:51]} 42. Qf4 {[%clk 0:22:04]} Qd5 {[%clk 0:22:05]} 43. Rd2
{[%clk 0:16:42]} Qe4 {[%clk 0:22:10]} 44. Qh6+ {[%clk 0:13:40]} Ke7
{[%clk 0:17:48]} 45. Qh8 {[%clk 0:12:37]} Ng4+ {[%clk 0:12:58]} 46. Kh3
{[%clk 0:08:38]} Rd6 {[%clk 0:13:18]} 47. f6+ {[%clk 0:07:50]} Nxf6
{[%clk 0:13:34]} 0-1

[Event "World Chess Olympiad 2018"]
[Site "Batumi"]
[Date "2018.09.28"]
[Round "5"]
[Board "4"]
[WhiteFideId "1509500"]
[White "Salomon Johan"]
[BlackFideId "7103255"]
[Black "Andyka Pitra"]
[Result "1-0"]
[LiveChessVersion "1.4.8"]
[BlackElo "2274"]
[WhiteElo "2477"]

1. e4 {[%clk 1:30:57]} c5 {[%clk 1:30:49]} 2. Nf3 {[%clk 1:31:20]} d6
{[%clk 1:31:03]} 3. Nc3 {[%clk 1:31:40]} Nc6 {[%clk 1:30:31]} 4. g3
{[%clk 1:27:05]} Nf6 {[%clk 1:29:59]} 5. Bg2 {[%clk 1:27:17]} Bg4
{[%clk 1:27:14]} 6. h3 {[%clk 1:26:37]} Bxf3 {[%clk 1:27:39]} 7. Qxf3
{[%clk 1:26:45]} g6 {[%clk 1:27:24]} 8. O-O {[%clk 1:22:59]} Bg7 {[%clk 1:27:12]}
9. Qd1 {[%clk 1:22:41]} O-O {[%clk 1:27:11]} 10. d3 {[%clk 1:21:52]} Rb8
{[%clk 1:21:49]} 11. Ne2 {[%clk 1:08:47]} Nd7 {[%clk 1:06:44]} 12. c3
{[%clk 1:05:39]} b5 {[%clk 1:04:37]} 13. d4 {[%clk 1:03:25]} Qc7 {[%clk 1:02:38]}
14. Be3 {[%clk 0:56:59]} b4 {[%clk 0:45:36]} 15. Nf4 {[%clk 0:56:24]} bxc3
{[%clk 0:43:50]} 16. bxc3 {[%clk 0:56:43]} e6 {[%clk 0:36:18]} 17. d5
{[%clk 0:56:05]} exd5 {[%clk 0:36:30]} 18. Nxd5 {[%clk 0:56:20]} Qa5
{[%clk 0:35:49]} 19. Qc2 {[%clk 0:51:38]} Nb6 {[%clk 0:33:37]} 20. Bg5
{[%clk 0:49:06]} f6 {[%clk 0:23:16]} 21. Nxb6 {[%clk 0:42:35]} Rxb6
{[%clk 0:22:20]} 22. Bf4 {[%clk 0:41:31]} Ne5 {[%clk 0:21:33]} 23. Rfb1
{[%clk 0:40:44]} Rfb8 {[%clk 0:19:17]} 24. Rxb6 {[%clk 0:39:13]} Qxb6
{[%clk 0:15:45]} 25. Rd1 {[%clk 0:38:13]} Bf8 {[%clk 0:14:19]} 26. Qd2
{[%clk 0:28:34]} Qc6 {[%clk 0:11:18]} 27. h4 {[%clk 0:25:43]} c4 {[%clk 0:10:29]}
28. Bxe5 {[%clk 0:24:30]} dxe5 {[%clk 0:10:26]} 29. h5 {[%clk 0:20:26]} gxh5
{[%clk 0:08:56]} 30. Qe2 {[%clk 0:20:35]} Be7 {[%clk 0:06:39]} 31. Qxh5
{[%clk 0:18:29]} Rd8 {[%clk 0:06:06]} 32. Rd5 {[%clk 0:18:22]} Qe8
{[%clk 0:04:25]} 33. Qg4+ {[%clk 0:09:57]} Qg6 {[%clk 0:03:56]} 34. Rxd8+
{[%clk 0:10:09]} Bxd8 {[%clk 0:04:25]} 35. Qc8 {[%clk 0:10:23]} Qe8
{[%clk 0:04:50]} 36. Bf1 {[%clk 0:10:10]} Kf8 {[%clk 0:04:15]} 37. Bxc4
{[%clk 0:09:09]} Bb6 {[%clk 0:04:14]} 38. Qb7 {[%clk 0:09:18]} Qe7
{[%clk 0:04:12]} 39. Qd5 {[%clk 0:09:07]} Kg7 {[%clk 0:04:13]} 40. a4
{[%clk 0:35:12]} Bc5 {[%clk 0:32:45]} 41. Kg2 {[%clk 0:31:55]} Kh6
{[%clk 0:28:15]} 42. Qd1 {[%clk 0:26:25]} Bb6 {[%clk 0:20:14]} 43. Qf3
{[%clk 0:25:25]} Qd8 {[%clk 0:18:53]} 44. Qf5 {[%clk 0:24:34]} Kg7
{[%clk 0:18:35]} 45. Qg4+ {[%clk 0:24:12]} Kh8 {[%clk 0:17:16]} 46. Qe6
{[%clk 0:20:49]} Ba5 {[%clk 0:12:19]} 47. Qf7 {[%clk 0:20:03]} Bb6
{[%clk 0:10:53]} 48. Be6 {[%clk 0:16:25]} Bc5 {[%clk 0:10:45]} 49. Bd5
{[%clk 0:14:01]} Qf8 {[%clk 0:10:44]} 50. Qe6 {[%clk 0:14:07]} Bb6
{[%clk 0:08:57]} 51. Qd7 {[%clk 0:13:43]} Bc5 {[%clk 0:08:41]} 52. a5
{[%clk 0:13:57]} Qe7 {[%clk 0:07:37]} 53. Qc8+ {[%clk 0:14:22]} Qf8
{[%clk 0:07:24]} 54. Qe6 {[%clk 0:14:46]} Kg7 {[%clk 0:07:17]} 55. Kf3
{[%clk 0:14:19]} Kh8 {[%clk 0:07:37]} 56. Kg2 {[%clk 0:12:45]} Kg7
{[%clk 0:08:01]} 57. Bc4 {[%clk 0:12:02]} Kh8 {[%clk 0:08:07]} 58. Bb3
{[%clk 0:11:15]} Kg7 {[%clk 0:07:43]} 59. Kf1 {[%clk 0:11:20]} Kh8
{[%clk 0:08:06]} 60. Ke2 {[%clk 0:11:27]} Kg7 {[%clk 0:08:30]} 61. Bd5
{[%clk 0:10:25]} Kh8 {[%clk 0:08:02]} 62. f3 {[%clk 0:10:30]} Kg7
{[%clk 0:08:25]} 63. Kd3 {[%clk 0:10:00]} Kh8 {[%clk 0:08:36]} 64. Qd7
{[%clk 0:08:23]} Bf2 {[%clk 0:06:50]} 65. g4 {[%clk 0:07:21]} Qb8
{[%clk 0:05:38]} 66. Bb7 {[%clk 0:05:39]} Qf8 {[%clk 0:05:09]} 67. Bd5
{[%clk 0:05:23]} Qb8 {[%clk 0:05:34]} 68. Kc4 {[%clk 0:05:12]} Qf8
{[%clk 0:05:22]} 69. Qc7 {[%clk 0:04:15]} Qa3 {[%clk 0:03:35]} 70. Kb5
{[%clk 0:03:43]} Qf8 {[%clk 0:02:30]} 71. Ka6 {[%clk 0:03:50]} Be3
{[%clk 0:02:09]} 72. c4 {[%clk 0:04:02]} Bd4 {[%clk 0:02:11]} 73. Be6
{[%clk 0:03:59]} Qb4 {[%clk 0:02:05]} 74. Bf5 {[%clk 0:03:23]} Kg8
{[%clk 0:01:54]} 75. Be6+ {[%clk 0:03:23]} Kh8 {[%clk 0:02:18]} 76. g5
{[%clk 0:01:51]} fxg5 {[%clk 0:02:30]} 77. Qd8+ {[%clk 0:02:14]} Kg7
{[%clk 0:02:51]} 78. Qxg5+ {[%clk 0:02:40]} Kf8 {[%clk 0:03:09]} 79. Qf6+
{[%clk 0:02:59]} 1-0

[Event "World Chess Olympiad 2018"]
[Site "Batumi"]
[Date "2018.09.28"]
[Round "5"]
[Board "1"]
[WhiteFideId "14109603"]
[White "Karjakin Sergey"]
[BlackFideId "3801497"]
[Black "Cordova Emilio"]
[Result "1-0"]
[LiveChessVersion "1.4.8"]
[BlackElo "2609"]
[WhiteElo "2760"]

1. e4 {[%clk 1:30:58]} c5 {[%clk 1:30:40]} 2. Nf3 {[%clk 1:31:19]} Nc6
{[%clk 1:30:48]} 3. Nc3 {[%clk 1:31:11]} Nf6 {[%clk 1:29:36]} 4. Bb5
{[%clk 1:30:53]} Qc7 {[%clk 1:27:04]} 5. O-O {[%clk 1:30:53]} e6 {[%clk 1:27:19]}
6. Re1 {[%clk 1:27:02]} Ng4 {[%clk 1:12:44]} 7. Bxc6 {[%clk 1:15:53]} bxc6
{[%clk 1:12:19]} 8. d3 {[%clk 0:58:43]} f6 {[%clk 1:02:56]} 9. h3
{[%clk 0:56:37]} Ne5 {[%clk 1:02:07]} 10. Nxe5 {[%clk 0:56:34]} fxe5
{[%clk 0:57:49]} 11. Qh5+ {[%clk 0:51:07]} g6 {[%clk 0:55:08]} 12. Qg4
{[%clk 0:50:08]} d6 {[%clk 0:54:24]} 13. h4 {[%clk 0:50:06]} Bg7 {[%clk 0:51:48]}
14. h5 {[%clk 0:48:57]} gxh5 {[%clk 0:47:18]} 15. Qxh5+ {[%clk 0:49:22]} Qf7
{[%clk 0:47:45]} 16. Qh4 {[%clk 0:48:06]} Bf6 {[%clk 0:41:17]} 17. Bg5
{[%clk 0:48:04]} Bxg5 {[%clk 0:41:29]} 18. Qxg5 {[%clk 0:48:32]} Rg8
{[%clk 0:40:26]} 19. Qh4 {[%clk 0:48:10]} Rb8 {[%clk 0:38:21]} 20. Nd1
{[%clk 0:44:23]} Rb7 {[%clk 0:35:39]} 21. Ne3 {[%clk 0:42:37]} Qf4
{[%clk 0:35:08]} 22. Qh5+ {[%clk 0:42:28]} Rf7 {[%clk 0:30:44]} 23. Re2
{[%clk 0:42:25]} Rg5 {[%clk 0:29:46]} 24. Qh3 {[%clk 0:40:14]} Rfg7
{[%clk 0:23:35]} 25. Rae1 {[%clk 0:35:11]} Bd7 {[%clk 0:19:35]} 26. g3
{[%clk 0:33:53]} Kd8 {[%clk 0:15:53]} 27. a3 {[%clk 0:26:58]} a5 {[%clk 0:13:25]}
28. Ng2 {[%clk 0:25:05]} Qf6 {[%clk 0:11:34]} 29. Re3 {[%clk 0:22:09]} Be8
{[%clk 0:11:10]} 30. Qh4 {[%clk 0:22:14]} Kc7 {[%clk 0:08:09]} 31. c3
{[%clk 0:21:43]} Qf7 {[%clk 0:06:26]} 32. Qh2 {[%clk 0:20:58]} Rh5
{[%clk 0:06:28]} 33. Nh4 {[%clk 0:21:27]} Rg4 {[%clk 0:06:42]} 34. Kf1
{[%clk 0:21:36]} Kd8 {[%clk 0:04:37]} 35. Ke2 {[%clk 0:20:46]} Qb7
{[%clk 0:04:24]} 36. Rb1 {[%clk 0:20:59]} Qg7 {[%clk 0:03:40]} 37. Qh3
{[%clk 0:19:18]} Rh6 {[%clk 0:03:51]} 38. Kd2 {[%clk 0:19:13]} d5
{[%clk 0:04:04]} 39. exd5 {[%clk 0:17:42]} cxd5 {[%clk 0:04:13]} 40. Rbe1
{[%clk 0:45:25]} Rg5 {[%clk 0:31:03]} 41. Qh1 {[%clk 0:34:48]} Rf6
{[%clk 0:24:39]} 42. Rf3 {[%clk 0:25:47]} Bh5 {[%clk 0:21:41]} 43. Rxf6
{[%clk 0:26:10]} Qxf6 {[%clk 0:22:08]} 44. Qh2 {[%clk 0:22:49]} Rg4
{[%clk 0:13:58]} 45. Kc2 {[%clk 0:12:30]} c4 {[%clk 0:11:16]} 46. dxc4
{[%clk 0:12:54]} Rxc4 {[%clk 0:11:07]} 47. Kb1 {[%clk 0:12:33]} e4
{[%clk 0:08:55]} 48. Ng2 {[%clk 0:11:33]} Bg6 {[%clk 0:05:43]} 49. Ne3
{[%clk 0:11:57]} Rc7 {[%clk 0:04:17]} 50. Rd1 {[%clk 0:12:08]} Rb7
{[%clk 0:03:12]} 51. Ka1 {[%clk 0:12:15]} Ke8 {[%clk 0:03:24]} 52. g4
{[%clk 0:11:07]} Kf7 {[%clk 0:00:49]} 53. Qd6 {[%clk 0:10:50]} Qe7
{[%clk 0:01:08]} 54. Qa6 {[%clk 0:10:26]} Ra7 {[%clk 0:00:46]} 55. Qb6
{[%clk 0:09:58]} Qc7 {[%clk 0:00:38]} 56. Qd4 {[%clk 0:10:21]} Ra6
{[%clk 0:00:37]} 57. c4 {[%clk 0:10:29]} Rd6 {[%clk 0:00:39]} 58. g5
{[%clk 0:06:42]} Qd8 {[%clk 0:00:42]} 59. Qe5 {[%clk 0:07:10]} d4
{[%clk 0:00:32]} 60. c5 {[%clk 0:07:13]} Rd7 {[%clk 0:00:41]} 61. c6
{[%clk 0:07:14]} Rd6 {[%clk 0:00:45]} 62. Nc4 {[%clk 0:02:58]} Rxc6
{[%clk 0:00:47]} 63. Rxd4 {[%clk 0:03:23]} Qe7 {[%clk 0:00:31]} 64. Qh8
{[%clk 0:02:07]} Rxc4 {[%clk 0:00:55]} 65. Rxc4 {[%clk 0:02:33]} 1-0

[Event "World Chess Olympiad 2018"]
[Site "Batumi"]
[Date "2018.09.28"]
[Round "5"]
[Board "2"]
[WhiteFideId "3802272"]
[White "Cori Jorge"]
[BlackFideId "4168119"]
[Black "Nepomniachtchi Ian"]
[Result "1/2-1/2"]
[LiveChessVersion "1.4.8"]
[BlackElo "2768"]
[WhiteElo "2664"]

1. d4 {[%clk 1:30:57]} Nf6 {[%clk 1:30:55]} 2. c4 {[%clk 1:31:17]} g6
{[%clk 1:31:12]} 3. g3 {[%clk 1:31:37]} c6 {[%clk 1:31:10]} 4. Bg2
{[%clk 1:31:55]} d5 {[%clk 1:31:34]} 5. cxd5 {[%clk 1:32:19]} cxd5
{[%clk 1:31:57]} 6. Nf3 {[%clk 1:32:21]} Bg7 {[%clk 1:32:21]} 7. Nc3
{[%clk 1:32:41]} Ne4 {[%clk 1:31:06]} 8. Qa4+ {[%clk 1:32:46]} Nc6
{[%clk 1:31:24]} 9. Ne5 {[%clk 1:33:08]} Nxc3 {[%clk 1:31:36]} 10. bxc3
{[%clk 1:33:31]} O-O {[%clk 1:31:59]} 11. Nxc6 {[%clk 1:33:52]} bxc6
{[%clk 1:32:21]} 12. O-O {[%clk 1:34:11]} Qb6 {[%clk 1:32:31]} 13. Ba3
{[%clk 1:34:35]} Qa6 {[%clk 1:32:48]} 14. Qxa6 {[%clk 1:34:59]} Bxa6
{[%clk 1:33:13]} 15. Rfb1 {[%clk 1:35:06]} Rfb8 {[%clk 1:33:06]} 16. Bxe7
{[%clk 1:35:06]} Bxe2 {[%clk 1:33:28]} 17. Bd6 {[%clk 1:35:29]} Rd8
{[%clk 1:33:46]} 18. Bc7 {[%clk 1:34:49]} Rdc8 {[%clk 1:34:01]} 19. Bd6
{[%clk 1:35:13]} Rd8 {[%clk 1:34:25]} 20. Bc7 {[%clk 1:35:35]} Rdc8
{[%clk 1:34:50]} 21. Bd6 {[%clk 1:36:00]} 1/2-1/2

[Event "World Chess Olympiad 2018"]
[Site "Batumi"]
[Date "2018.09.28"]
[Round "5"]
[Board "3"]
[WhiteFideId "4101588"]
[White "Kramnik Vladimir"]
[BlackFideId "3805662"]
[Black "Martinez Alcantara Jose Eduardo"]
[Result "1-0"]
[LiveChessVersion "1.4.8"]
[BlackElo "2565"]
[WhiteElo "2779"]

1. d4 {[%clk 1:30:57]} Nf6 {[%clk 1:30:53]} 2. Nf3 {[%clk 1:31:22]} e6
{[%clk 1:31:05]} 3. c4 {[%clk 1:31:43]} Bb4+ {[%clk 1:31:29]} 4. Nbd2
{[%clk 1:32:05]} O-O {[%clk 1:31:36]} 5. e3 {[%clk 1:32:21]} b6 {[%clk 1:28:12]}
6. Bd3 {[%clk 1:32:36]} Bb7 {[%clk 1:28:26]} 7. O-O {[%clk 1:32:40]} d5
{[%clk 1:28:28]} 8. a3 {[%clk 1:32:44]} Be7 {[%clk 1:26:27]} 9. b4
{[%clk 1:28:31]} c5 {[%clk 1:20:48]} 10. bxc5 {[%clk 1:28:50]} bxc5
{[%clk 1:21:10]} 11. Rb1 {[%clk 1:29:13]} Qc8 {[%clk 1:11:47]} 12. cxd5
{[%clk 1:24:20]} Nxd5 {[%clk 1:08:24]} 13. Qc2 {[%clk 1:21:46]} Nf6
{[%clk 0:52:29]} 14. dxc5 {[%clk 1:18:35]} Na6 {[%clk 0:48:36]} 15. Bb2
{[%clk 1:12:34]} Nxc5 {[%clk 0:48:46]} 16. Bxf6 {[%clk 1:10:29]} gxf6
{[%clk 0:49:07]} 17. Bxh7+ {[%clk 1:09:20]} Kg7 {[%clk 0:49:07]} 18. Rfc1
{[%clk 1:02:11]} f5 {[%clk 0:41:38]} 19. Bxf5 {[%clk 1:00:58]} exf5
{[%clk 0:42:04]} 20. Nd4 {[%clk 0:59:13]} Be4 {[%clk 0:42:17]} 21. Nxe4
{[%clk 0:51:22]} fxe4 {[%clk 0:42:42]} 22. Qe2 {[%clk 0:46:55]} Rh8
{[%clk 0:38:16]} 23. Rb5 {[%clk 0:36:23]} a6 {[%clk 0:28:04]} 24. Qb2
{[%clk 0:35:26]} Kg8 {[%clk 0:28:10]} 25. Rb6 {[%clk 0:34:06]} Nd3
{[%clk 0:22:41]} 26. Rxc8+ {[%clk 0:32:00]} Rxc8 {[%clk 0:23:09]} 27. Qd2
{[%clk 0:32:07]} Rc1+ {[%clk 0:23:30]} 28. Qxc1 {[%clk 0:32:32]} Nxc1
{[%clk 0:23:58]} 29. Rxa6 {[%clk 0:32:36]} Rh5 {[%clk 0:21:49]} 30. Ra8+
{[%clk 0:30:13]} Bf8 {[%clk 0:21:47]} 31. a4 {[%clk 0:29:46]} Nd3
{[%clk 0:21:55]} 32. g4 {[%clk 0:26:19]} Rc5 {[%clk 0:21:10]} 33. Kg2
{[%clk 0:25:29]} Rc4 {[%clk 0:07:53]} 34. a5 {[%clk 0:21:54]} Nf4+
{[%clk 0:07:29]} 35. Kg3 {[%clk 0:20:48]} Ne6 {[%clk 0:07:27]} 36. Nxe6
{[%clk 0:19:16]} fxe6 {[%clk 0:07:54]} 37. g5 {[%clk 0:19:11]} Kf7
{[%clk 0:07:14]} 38. h4 {[%clk 0:19:28]} Bd6+ {[%clk 0:04:53]} 39. Kg4
{[%clk 0:19:43]} Rc1 {[%clk 0:04:44]} 40. a6 {[%clk 0:48:44]} Ra1
{[%clk 0:32:07]} 41. Ra7+ {[%clk 0:41:41]} Be7 {[%clk 0:27:03]} 42. Kh5
{[%clk 0:41:04]} Ke8 {[%clk 0:22:51]} 43. Kh6 {[%clk 0:36:44]} Bf8+
{[%clk 0:16:29]} 44. Kg6 {[%clk 0:35:43]} Be7 {[%clk 0:16:55]} 45. Ra8+
{[%clk 0:34:02]} Bd8 {[%clk 0:14:57]} 46. h5 {[%clk 0:34:10]} Ra5
{[%clk 0:14:20]} 47. Rxd8+ {[%clk 0:34:22]} 1-0

[Event "World Chess Olympiad 2018"]
[Site "Batumi"]
[Date "2018.09.28"]
[Round "5"]
[Board "4"]
[WhiteFideId "3801969"]
[White "Cruz Cristhian"]
[BlackFideId "4152956"]
[Black "Vitiugov Nikita"]
[Result "1/2-1/2"]
[LiveChessVersion "1.4.8"]
[BlackElo "2726"]
[WhiteElo "2571"]

1. d4 {[%clk 1:30:56]} Nf6 {[%clk 1:30:44]} 2. c4 {[%clk 1:31:03]} e6
{[%clk 1:31:08]} 3. Nc3 {[%clk 1:31:08]} Bb4 {[%clk 1:31:31]} 4. Qc2
{[%clk 1:31:26]} O-O {[%clk 1:31:16]} 5. Nf3 {[%clk 1:31:05]} d5 {[%clk 1:29:34]}
6. cxd5 {[%clk 1:30:56]} exd5 {[%clk 1:29:57]} 7. Bg5 {[%clk 1:30:58]} h6
{[%clk 1:24:03]} 8. Bh4 {[%clk 1:30:19]} Be6 {[%clk 1:19:33]} 9. e3
{[%clk 1:29:25]} Nbd7 {[%clk 1:19:37]} 10. Bd3 {[%clk 1:26:06]} c5
{[%clk 1:19:33]} 11. a3 {[%clk 1:18:27]} Qa5 {[%clk 1:14:19]} 12. O-O
{[%clk 1:15:44]} Bxc3 {[%clk 1:14:40]} 13. Qxc3 {[%clk 1:11:27]} Qxc3
{[%clk 1:15:00]} 14. bxc3 {[%clk 1:11:54]} Ne4 {[%clk 1:07:35]} 15. Bxe4
{[%clk 1:06:55]} dxe4 {[%clk 1:07:18]} 16. Nd2 {[%clk 1:07:19]} f5
{[%clk 0:57:54]} 17. f3 {[%clk 1:02:12]} g5 {[%clk 0:56:07]} 18. Bf2
{[%clk 1:01:06]} Nf6 {[%clk 0:47:58]} 19. fxe4 {[%clk 0:54:09]} Nxe4
{[%clk 0:47:29]} 20. Nxe4 {[%clk 0:54:06]} fxe4 {[%clk 0:47:54]} 21. dxc5
{[%clk 0:48:37]} Rac8 {[%clk 0:45:05]} 22. Bg3 {[%clk 0:48:10]} Rxf1+
{[%clk 0:44:18]} 23. Rxf1 {[%clk 0:48:35]} Rxc5 {[%clk 0:44:29]} 24. Rf6
{[%clk 0:33:38]} Rc6 {[%clk 0:23:48]} 25. Be5 {[%clk 0:31:27]} Bd5
{[%clk 0:20:20]} 26. Rxc6 {[%clk 0:31:47]} Bxc6 {[%clk 0:20:43]} 27. Kf2
{[%clk 0:32:06]} Kf7 {[%clk 0:21:06]} 28. Ke1 {[%clk 0:31:59]} Ke6
{[%clk 0:21:19]} 29. Bg7 {[%clk 0:32:03]} h5 {[%clk 0:21:45]} 30. Kd2
{[%clk 0:31:42]} Bb5 {[%clk 0:21:38]} 31. g3 {[%clk 0:31:05]} Kf5
{[%clk 0:21:44]} 32. h4 {[%clk 0:31:07]} Kg4 {[%clk 0:21:36]} 33. Bf6
{[%clk 0:31:24]} 1/2-1/2

[Event "World Chess Olympiad 2018"]
[Site "Batumi"]
[Date "2018.09.28"]
[Round "5"]
[Board "1"]
[WhiteFideId "13602853"]
[White "Tutisani Noe"]
[BlackFideId "13800574"]
[Black "Tologontegin Semetey"]
[Result "1-0"]
[LiveChessVersion "1.4.8"]
[BlackElo "2419"]
[WhiteElo "2471"]

1. e4 {[%clk 1:30:56]} e6 {[%clk 1:30:53]} 2. d4 {[%clk 1:31:20]} b6
{[%clk 1:31:16]} 3. Nf3 {[%clk 1:31:44]} Bb7 {[%clk 1:31:38]} 4. Bd3
{[%clk 1:32:08]} d6 {[%clk 1:31:43]} 5. c4 {[%clk 1:31:56]} Nd7 {[%clk 1:31:31]}
6. Nc3 {[%clk 1:32:19]} g6 {[%clk 1:31:35]} 7. Bg5 {[%clk 1:31:50]} Ne7
{[%clk 1:30:46]} 8. h4 {[%clk 1:31:02]} h6 {[%clk 1:30:57]} 9. Be3
{[%clk 1:31:26]} Bg7 {[%clk 1:31:05]} 10. Qd2 {[%clk 1:31:46]} Nf6
{[%clk 1:16:13]} 11. Nh2 {[%clk 1:20:53]} e5 {[%clk 0:51:12]} 12. d5
{[%clk 1:19:45]} Bc8 {[%clk 0:42:07]} 13. O-O-O {[%clk 1:16:59]} Ng4
{[%clk 0:33:29]} 14. Nxg4 {[%clk 1:16:31]} Bxg4 {[%clk 0:33:54]} 15. f3
{[%clk 1:17:00]} Bd7 {[%clk 0:34:15]} 16. g3 {[%clk 1:17:13]} Ng8
{[%clk 0:33:19]} 17. h5 {[%clk 1:09:44]} g5 {[%clk 0:26:10]} 18. Kb1
{[%clk 1:05:55]} Nf6 {[%clk 0:21:15]} 19. Be2 {[%clk 1:06:11]} Qe7
{[%clk 0:20:41]} 20. Qc2 {[%clk 1:04:13]} O-O {[%clk 0:18:37]} 21. Rdg1
{[%clk 1:03:47]} Nh7 {[%clk 0:14:40]} 22. Bd3 {[%clk 1:04:01]} Kh8
{[%clk 0:14:18]} 23. Bd2 {[%clk 1:03:46]} Rfb8 {[%clk 0:14:16]} 24. Rc1
{[%clk 1:03:59]} a6 {[%clk 0:13:13]} 25. Nd1 {[%clk 1:04:17]} Nf6
{[%clk 0:10:02]} 26. Ne3 {[%clk 0:55:52]} Ng8 {[%clk 0:09:53]} 27. Bf1
{[%clk 0:55:16]} Qd8 {[%clk 0:09:54]} 28. Bh3 {[%clk 0:54:57]} Be8
{[%clk 0:08:54]} 29. Nf5 {[%clk 0:53:54]} Ne7 {[%clk 0:09:01]} 30. Nxg7
{[%clk 0:52:23]} Kxg7 {[%clk 0:09:26]} 31. f4 {[%clk 0:52:51]} f6
{[%clk 0:09:50]} 32. Rcf1 {[%clk 0:52:12]} Bd7 {[%clk 0:05:24]} 33. fxg5
{[%clk 0:51:58]} fxg5 {[%clk 0:05:53]} 34. Be6 {[%clk 0:48:03]} Qe8
{[%clk 0:04:00]} 35. Bxg5 {[%clk 0:45:38]} Ng8 {[%clk 0:01:29]} 36. Bxg8
{[%clk 0:43:23]} hxg5 {[%clk 0:00:39]} 37. Qd2 {[%clk 0:42:09]} Qxg8
{[%clk 0:00:33]} 38. Qxg5+ {[%clk 0:42:34]} Kh7 {[%clk 0:00:32]} 39. Qe7+
{[%clk 0:42:59]} Kh8 {[%clk 0:00:45]} 40. Rf7 {[%clk 1:13:06]} Qg4
{[%clk 0:30:57]} 41. Rh7+ {[%clk 1:13:32]} 1-0